000
00318nam a22001457a 4500
008
221212b ||||| |||| 00| 0 eng d
020
_a
9789004408715
041
_a
eng
080
_a
32
082
_a
32 BIN
100
_a
36
101
_a
POLITIC
245
_a
THE POLITICS OF PUBLIC DEBT
_c
BIN D
942
_2
udc
_c
BK
999
_c
59164
_d
59164